|
|
|
|
| LEADER |
01419nam a2200373 a 4500 |
| 001 |
000370288 |
| 003 |
CZ BrMZK |
| 005 |
20210401104416.0 |
| 007 |
ta |
| 008 |
980115s1998 xr e 0 cze d |
| 015 |
|
|
|a cnb000602755
|
| 035 |
|
|
|a (OCoLC)41372426
|
| 040 |
|
|
|a BOA001
|b cze
|
| 043 |
|
|
|a e-xr---
|b e-xr-jm
|2 czenas
|
| 072 |
|
7 |
|a 27
|x Křesťanství. Křesťanská církev všeobecně. Eklesiologie
|2 Konspekt
|9 5
|
| 080 |
|
|
|a 27-312.47-5
|2 MRF
|
| 080 |
|
|
|a 726.5:27-567-312.47
|2 MRF
|
| 080 |
|
|
|a (437.322)
|2 MRF
|
| 080 |
|
|
|a (082)
|2 MRF
|
| 100 |
1 |
|
|a Kratochvíl, Josef,
|c reg.historik
|4 aut
|
| 245 |
1 |
0 |
|a Matka Boží Tuřanská :
|b dějiny a zázraky Matky Boží "v Trní" na poutním místě v Tuřanech na Moravě /
|c sepsal Josef Kratochvíl
|
| 246 |
3 |
3 |
|a Kancionálek Cyrillský
|
| 250 |
|
|
|a 1. vyd.
|
| 260 |
|
|
|a Brno :
|b Městská část Brno Tuřany,
|c 1998
|
| 300 |
|
|
|a 118 s. :
|b il. ;
|c 17 cm
|
| 500 |
|
|
|a Repr. části sborníku Kancionálek Cyrillský, Brno, 1892
|
| 600 |
0 |
7 |
|a Marie,
|c Panna
|7 ola2002100464
|
| 650 |
0 |
7 |
|a mariánský kult
|7 ph122644
|z Česko
|2 czenas
|
| 650 |
0 |
7 |
|a mariánská poutní místa
|7 ph115226
|z Česko
|2 czenas
|
| 651 |
|
7 |
|a Tuřany (Brno, Česko)
|7 ge131151
|2 czenas
|
| 655 |
|
7 |
|a sborníky
|7 fd163935
|2 czenas
|
| 910 |
|
|
|a BOA001
|b 1-1051.769
|
| 990 |
|
|
|a BK
|
| 996 |
6 |
|
|b 2610081361
|c 1-1051.769
|l MZK
|r Sklad / do 1 hodiny
|n 46
|p p.v.
|w 000370288
|u 000010
|a 1
|e BOA001
|j MZK50
|s P
|